000 00709nam a2200205Ia 4500
001 3195
003 GE_BSU
008 181216s||||||||xx |||||||||||||| ||und||
040 _cGE_BSU
080 _a621.65+621.51(075.8)
100 _aБерезин,В.Л. Бородавкин,П.П. Куриц,С.Я. и др.
245 _aСтроительство и монтаж насосных и компрессорных станций.
245 _bУчебник.
260 _aМ.
260 _bНедра.
260 _c1974.
300 _a272 стр.с илл. 22 см.
653 _aСтроительство и монтаж насосных и компрессорных станций.
942 _cBK
999 _c37236
_d37236